| 000 | 01033naa a2200265 c 4500 | ||
|---|---|---|---|
| 001 | 47691 | ||
| 003 | ES-MaCES | ||
| 005 | 20160524100812.0 | ||
| 008 | 160524s2016 sp ||||| t||||||| ||spa d | ||
| 040 |
_aES-MaCES _bspa _cES-MaCES _dES-MaCES |
||
| 100 | 1 |
_918830 _aMonereo Pérez, José Luis |
|
| 245 | 1 | 3 |
_aLa mayor representatividad sindical como eje del sistema de relaciones laborales en España (I) _cJosé Luis Monereo Pérez |
| 500 | _aResumen | ||
| 650 | 4 |
_929453 _asindicalismo |
|
| 650 | 4 |
_928377 _asindicato |
|
| 650 | 4 |
_928379 _arepresentación de los trabajadores |
|
| 650 | 4 |
_928362 _anegociación colectiva |
|
| 650 | 4 |
_930599 _apoder sindical |
|
| 650 | 4 |
_927177 _alibertad sindical |
|
| 650 | 4 |
_928369 _arelaciones laborales |
|
| 653 | 1 | 0 | _aRelaciones laborales-Empleo |
| 773 | 0 |
_984453 _dLas Rozas, Madrid Wolters Kluwer España 2015- _o087355 _tTrabajo y derecho _w(ES-MaCES)45892 _gn. 16 (abr. 2016) {55/1129 R. 087355} ;p. 13-29 |
|
| 902 | _aART Artículo de revista | ||
| 942 |
_2CES _cAR _h2.0. |
||
| 999 |
_c47691 _d47691 |
||